Dreamweaver CS5 on Demand (Record no. 254062)
[ view plain ]
| 000 -LEADER | |
|---|---|
| fixed length control field | 00386nam a22001577a 4500 |
| 003 - CONTROL NUMBER IDENTIFIER | |
| control field | OSt |
| 005 - DATE AND TIME OF LATEST TRANSACTION | |
| control field | 20160526104138.0 |
| 008 - FIXED-LENGTH DATA ELEMENTS--GENERAL INFORMATION | |
| fixed length control field | 160526b xxu||||| |||| 00| 0 eng d |
| 020 ## - INTERNATIONAL STANDARD BOOK NUMBER | |
| International Standard Book Number | 978-0-7897-4444-9 |
| 040 ## - CATALOGING SOURCE | |
| Transcribing agency | N/A |
| 050 ## - LIBRARY OF CONGRESS CALL NUMBER | |
| Classification number | TK5105.8885 |
| Item number | .D74 J643 2010 |
| 100 ## - MAIN ENTRY--PERSONAL NAME | |
| Personal name | Johnson Steve |
| 245 ## - TITLE STATEMENT | |
| Title | Dreamweaver CS5 on Demand |
| 260 ## - PUBLICATION, DISTRIBUTION, ETC. (IMPRINT) | |
| Name of publisher, distributor, etc | Que Publishing |
| Date of publication, distribution, etc | 2010 |
| 942 ## - ADDED ENTRY ELEMENTS (KOHA) | |
| Source of classification or shelving scheme | Library of Congress Classification |
| Koha item type | Long Loan Books |
| Withdrawn status | Lost status | Source of classification or shelving scheme | Damaged status | Not for loan | Collection code | Home library | Current library | Shelving location | Date acquired | Total Checkouts | Full call number | Barcode | Date last seen | Price effective from | Koha item type |
|---|---|---|---|---|---|---|---|---|---|---|---|---|---|---|---|
| Library of Congress Classification | Non-fiction | Rongo University Library | Rongo University Library | General Stacks | 26/05/2016 | TK5105.8885 .D74 J643 2010 | 201610406 | 26/05/2016 | 26/05/2016 | Long Loan Books | |||||
| Library of Congress Classification | Non-fiction | Rongo University Library | Rongo University Library | General Stacks | 23/08/2016 | TK5105.8885 .D74 J643 2010 | 201617210 | 23/08/2016 | 23/08/2016 | Long Loan Books | |||||
| Library of Congress Classification | Rongo University Library | Rongo University Library | General Stacks | 08/02/2017 | TK5105.8885 .D74 J643 2010 | 20168600 | 08/02/2017 | 08/02/2017 | Long Loan Books |
